000 00777nam a2200241Ia 4500
003 OSt
005 20220923215103.0
006 a|||||r|||| 00| 0
007 ta
008 220922b |||||||| |||| 00| 0 hin d
024 _a175,423
037 _cTextual
040 _aARTS
_cARTS
_bhin
041 _2hin
_ahin
082 _aO152:gN, J3
100 _aगुप्त, प्रकाशचन्द्र
245 0 _aहिन्दी साहित्य की जनवादी परम्परा
246 _aHindī sāhitya kī janavādī paramparā
260 _c1953
650 _aहिन्दी कहानी
942 _hO152:gN, J3
_cTEXL
_2CC
999 _c329127
_d329127